000 00739nam a2200277Ia 4500
005 20260324121239.0
008 008 260324s9999 xx 000 0 eng d
020 _a9788743802495
037 _aEBOOK
040 _aCRL
040 _beng
040 _cCRL
041 _2eng
041 _aeng
084 _qCRL
100 _aBo Song; Jamie Kimberley; Dan Casem
_91161771
245 0 _aDynamic Behavior of Materials, Volume 1
245 0 _bProceedings of the 2013 Annual Conference on Experimental and Applied Mechanics
260 _bTaylor and Francis
260 _c2014
365 _a
856 _uhttp://www.taylorfrancis.com/books/9788743802495
942 _cEBOOK
999 _c1753750
_d1753750